Annual report 1999 =
| Format: | Book |
|---|---|
| Published: |
[s.l]:
Minerals and Geoscience Department Malaysia,
2000.
|
| Subjects: |
| LEADER | 00510cam a2200145 7i4500 | ||
|---|---|---|---|
| 001 | 0000008496 | ||
| 005 | 20001204090000.0 | ||
| 020 | 0 | 0 | |a 01270559 |
| 090 | 0 | 0 | |a CD-ROM 173 |b ANN |
| 245 | 0 | 0 | |a Annual report 1999 = |l Laporan tahunan 1999 [ |m electronic resources]. |
| 260 | 0 | 0 | |a [s.l]: |b Minerals and Geoscience Department Malaysia, |c 2000. |
| 300 | # | # | |a Electronic computer optical disc (CD-ROM). |
| 650 | 0 | 0 | |a Annual report -- |z Malaysia |
| 651 | 0 | 0 | |a Malaysia |
| 999 | |a 0000011982 |b CD-ROM |c AV Collection |e Business Information Centre | ||